000 00347nam a2200133Ia 4500
008 151001s9999||||xx |||||||||||||| ||und||
100 _aविनोद = साव
245 _aभोंगपूर ३० किमी
250 _a1
260 _bपंकज बुक्स
260 _c2007
300 _a111
365 _b21
999 _c992315
_d992312